000 00519nam a2200205Ia 4500
005 20250508150934.0
008 008 250505s9999 xx 000 0 eng d
037 _aTextual
040 _aFEDL
_beng
_cFEDL
041 _aeng
_2eng
084 _a301, COL
_qFEDL
100 _aCole G. D. H.
245 0 _aSocial theory
250 _a4th
260 _aLondon, UK
_bMethuen and Co. Ltd.
_c1920
300 _avii,219p.
650 _aSociology
942 _cTEXL
_h301, COL
999 _c1326609
_d1326609